Dead Game of Thrones Characters - Sudden Death - Statistics

General Stats
  • This quiz has been taken 103 times
  • The average score is 12 of 19
Answers on the Grid
Answers color-coded by a green-red scale on the quiz's grid according to % correct below.
Tyrion Lannister
Arya Stark
Varys
Ned Stark
Cersei Lannister
Khal Drogo
Daenerys Targaryen
Edmure Tully
Robin Arryn
Catelyn Stark
Brienne of Tarth
Jaime Lannister
Jon Snow
Beric Dondarrion
Jaqen H'ghar
Rickon Stark
Bran Stark
Euron Greyjoy
Sansa Stark
Joffrey Baratheon
Yara Greyjoy
Margaery Tyrell
Ramsay Bolton
Samwell Tarly
Stannis Baratheon
The Blackfish
Jorah Mormont
Petyr Baelish (Littlefinger)
Sandor Clegane (The Hound)
Davos Seaworth
Maester Wolkan
Missandei
 
Answer Stats
Answer % Correct
Ned Stark
93%
Cersei Lannister
85%
Khal Drogo
81%
Varys
80%
Daenerys Targaryen
76%
Catelyn Stark
71%
Jaime Lannister
71%
Petyr Baelish (Littlefinger)
66%
Joffrey Baratheon
63%
Rickon Stark
63%
Sandor Clegane (The Hound)
63%
Stannis Baratheon
63%
Ramsay Bolton
61%
Jorah Mormont
56%
Margaery Tyrell
54%
Missandei
51%
The Blackfish
47%
Euron Greyjoy
44%
Beric Dondarrion
42%
No matching quizzes found
Score Distribution
Percent of People with Each Score
Percentile by Number Answered
Your Score History
You have not taken this quiz